Miasta z największą liczbą ludności w Rosji - Statystyki

Ogólne statystyki
  • Ten quiz został rozwiązany 128 razy
  • Średni wynik to 6 z 10
Statystyki odpowiedzi
Miejsce Miasto Ludność % Poprawnych
1 Moskwa 10 381 222
100%
2 Petersburg 5 028 000
97%
8 Kazań 1 104 738
73%
3 Nowosybirsk 1 419 007
58%
5 Niżny Nowogród 1 284 164
57%
9 Rostów 1 074 482
57%
4 Jekaterynburg 1 349 772
52%
7 Omsk 1 129 281
49%
6 Samara 1 134 730
49%
10 Czelabińsk 1 062 919
41%
Nie znaleziono quizów pasujących do podanych kryteriów
Rozkład punktacji
Procent ludzi z każdym wynikiem
Percentyl według liczby udzielonych odpowiedzi
Twoja historia wyników
Nie rozwiązałeś tego quizu